000 01072cam a2200325 i 4500
001 200452596
999 _c200452596
_d70808
003 TR-AnTOB
005 20240917152448.0
007 ta
008 081017s1964 tu 000 0 tur d
040 _aTR-AnTOB
_beng
_erda
_cTR-AnTOB
041 0 _atur
050 1 4 _aHF5548.8
_b.B4919 1964
090 _aHF5548.8
_b.B4919 1964
100 1 _aBize, Rene,
_d1901-
_eauthor
_947889
245 1 0 _aSanayi psikolojisi /
_cDr. Rene Bize, Jean Milhaud ; çevirenler Mehmet Toprak, Mehmet Yazgan.
264 3 _aAnkara :
_bKardeş Matbaası,
_c1964.
300 _a147 pages ;
_c20 cm
336 _atext
_btxt
_2rdacontent
337 _aunmediated
_bn
_2rdamedia
338 _avolume
_bnc
_2rdacarrier
590 _aSayın Celil Güngör tarafından bağışlanmıştır.
650 7 _aPsikoloji, Endüstriyel
_2etuturkob
_982611
700 _aMilhaud, Jean,
_d1898-
_eauthor
_947890
700 _aToprak, Mehmet
_etranslator
_948920
700 1 _aYazgan, Mehmet
_etranslator
_965326
942 _cBK
_2z